|
|
|
|
| LEADER |
00000nab a2200000 a 4500 |
| 001 |
vtls000236271 |
| 003 |
SK-MaSNL |
| 005 |
20260304210312.0 |
| 008 |
250422c1985 xo 0 slo |
| 015 |
|
|
|a SNBRB19rr/mm-uuuuu
|
| 035 |
|
|
|a CL0246385
|
| 035 |
|
|
|a urn:nbn:sk:snk-ab7ewv
|
| 035 |
|
|
|a (urnnbn)urn:nbn:sk:snk:ar-005cd8
|
| 035 |
|
|
|a (uuid)e5a239f6-beaf-4023-a9bf-82145fb0c601
|
| 040 |
|
|
|a SNKBUCL
|b slo
|c SNKBUCL
|e AACR2
|
| 041 |
0 |
|
|a eng
|
| 044 |
|
|
|a xo
|c SK
|
| 080 |
|
|
|a 616.12-008.331.1:615.851:615.825
|2 1981
|
| 080 |
|
|
|a 615.851
|2 1981
|
| 080 |
|
|
|a 615.825
|2 1981
|
| 245 |
0 |
0 |
|a Long-term treatment with physical exercise and psychological therapy in arterial hypertension
|c U. Priebe ... [et al.]
|
| 300 |
|
|
|b Obr. 6.
|
| 650 |
0 |
7 |
|a hypertenzia
|2 snkbucl
|9 2490
|
| 650 |
0 |
7 |
|a psychoterapia
|2 snkbucl
|9 2575
|
| 655 |
|
7 |
|a články z novín a časopisov
|2 snkbucl
|9 267496
|
| 700 |
1 |
|
|a Priebe, U.
|4 aut
|9 1354618
|
| 700 |
1 |
|
|a Richter-Heinrich, E.
|4 aut
|9 1345934
|
| 700 |
1 |
|
|a Falk, I. L.
|4 aut
|9 1541289
|
| 700 |
1 |
|
|a Heinrich, B.
|4 aut
|9 1345937
|
| 700 |
1 |
|
|a Grosse, W.
|4 aut
|9 1541290
|
| 773 |
0 |
|
|t Rehabilitácia
|g Roč. 18, Suplementum 30-31 (1985), s. 163-168
|
| 850 |
|
|
|a Slovenská národná knižnica
|
| 852 |
|
|
|a Slovenská národná knižnica
|
| 954 |
|
|
|a odborná, vedecká literatúra cudzojazyčná (svetová)
|2 lita
|
| 958 |
|
|
|a article7
|
| 958 |
|
|
|a RK
|
| 958 |
|
|
|a MI
|
| 958 |
|
|
|a OND
|
| 958 |
|
|
|a EUIPO
|
| 992 |
|
|
|a RBX
|
| 999 |
|
|
|c 3125521
|d 3127451
|